Breviario civil. 4, Derecho de familia

Detalles Bibliográficos
Autor principal: Faus, Manuel
Formato: Desconocido
Lenguaje:español
Publicado: [Barcelona] : vLex, 2008
Materias:
Acceso en línea:Acceso restringido

MARC

LEADER 00000ny a22000003n 4500
005 20110608104719.0
008 080925s20089999sp r s 000 a0spa c
035 |a 453 
040 |a UMA.RE  |d vLex 
080 |a 347(460)(051) 
080 |a 347.61/.64(460)(051) 
090 |c 567  |d 567 
100 1 |a Faus, Manuel 
245 1 0 |a Breviario civil.  |n 4,  |p Derecho de familia  |h [Recurso electrn̤ico]  |c Manuel Faus 
256 |a Servicio en ln̕ea 
260 |a [Barcelona] :  |b vLex,  |c 2008 
506 1 |a Contenido solo disponible en los productos indicados  |d vLex Global  |d vLex Global (Academic Edition, excluding Law Schools)  |d vLex Global (U.S. Academic Edition, Law Schools)  |d vLex Global (U.S. Academic Edition, excluding Law Schools)  |d vLex Global (Academic Edition, Law Schools) 
650 0 7 |2 Tesauro vLex  |a Civil 
650 0 7 |2 Tesauro vLex  |a Familia 
740 0 |a vLex Libros (Servicios en ln̕ea) 
856 4 0 |z Acceso restringido  |u http://vlex.com/source/breviario-civil-derecho-familia-453 
942 |c BOOK